|
|
|
|
| LEADER |
01203cam a2200301 7i4500 |
| 001 |
0000034163 |
| 005 |
20170324090000.0 |
| 007 |
##ta |
| 008 |
170324t20162016my eng |
| 022 |
0 |
# |
|a 22318666
|
| 040 |
# |
# |
|a MATR
|
| 090 |
0 |
0 |
|a M 665.5025
|b MAL
|
| 245 |
0 |
0 |
|a MALAYSIA MARINE & OFFSHORE INDUSTRIES DIRECTORY 2016/ 2017.
|
| 264 |
# |
4 |
|a ♭2016.
|
| 264 |
# |
1 |
|a Shah Alam:
|b Marshall Cavendish,
|c 2016.
|
| 300 |
# |
# |
|a 278 pages:
|b illustrations;
|c 30 cm.
|
| 336 |
# |
# |
|a text
|2 rdacontent
|
| 337 |
# |
# |
|a unmediated
|2 rdamedia
|
| 338 |
# |
# |
|a volume
|2 rdacarrier
|
| 650 |
# |
0 |
|a Marine engineering --
|x Directories --
|z Malaysia
|
| 650 |
# |
0 |
|a Ocean engineering --
|x Directories --
|z Malaysia
|
| 650 |
# |
0 |
|a Offshore oil industry --
|x Directories --
|z Malaysia
|
| 999 |
|
|
|a JHR000440H
|b Directories
|c Malaysia
|e MATRADE Southern Regional Office
|
| 999 |
|
|
|a 0000038692
|b Directories
|c Malaysia
|e Business Information Centre
|
| 999 |
|
|
|a 0000038693
|b Directories
|c Malaysia
|e Business Information Centre
|
| 999 |
|
|
|a SBH001117H
|b Directories
|c Malaysia
|e MATRADE Sabah
|
| 999 |
|
|
|a SRW000544H
|b Directories
|c Malaysia
|e MATRADE Sarawak
|
| 999 |
|
|
|a TRG000428H
|b Directories
|c Malaysia
|e MATRADE Eastern Regional Office
|